| 000 | 00958nam a2200289Ia 4500 | ||
|---|---|---|---|
| 005 | 20250425161530.0 | ||
| 008 | 250425s9999 xx 000 0 und d | ||
| 020 | _a9684225067 | ||
| 041 | _aspa | ||
| 082 | _a540 | ||
| 100 | _aMASTERTON, WILLIAM L. | ||
| 245 | 0 | _aQUIMICA GENERAL SUPERIOR | |
| 250 | _a6A ED. | ||
| 260 | _aMEXICO | ||
| 260 |
_aMéxico _bMCGRAW-HILL _c1989 |
||
| 300 | _a803 | ||
| 500 | _aTítulo Traducido: CHEMICAL PRINCIPLES | ||
| 520 | _aEL LIBRO ESTA ORIENTADO A LA FIJACION DE LOS PRINCIPIOS DE QUIMICA GENERAL, ADEMAS COMPRENDE IDEAS DE ESTEQUIOMETRIA, ENLACE QUIMICO, CINETICA, TERMOQUIMICA, Y EQUILIBRIO QUIMICO, EXPRESADOS DE MANERA CLARA, USANDO UN LENGUAJE SIMPLE Y EJEMPLOS CLA | ||
| 650 | _aENLACES QUIMICOS | ||
| 650 | _aEQUILIBRIO QUIMICO | ||
| 650 | _aQUIMICA | ||
| 650 | _aTERMOQUIMICA | ||
| 700 | _aSLOWINSKI, EMIL J. | ||
| 700 | _aSTANITSKI, CONRAD L. | ||
| 942 | _c01 | ||
| 010 | _a22422 | ||
| 999 |
_c211078 _d211078 |
||